[Event "Ontario op"]
[Site "Oakville CAN"]
[Date "2019.05.18"]
[Round "1.5"]
[White "Atanasov, Anthony"]
[Black "Hua, Eugene"]
[Result "1/2-1/2"]
[WhiteElo "2129"]
[BlackElo "2412"]
[PlyCount "59"]
[EventDate "2019.05.18"]
[EventType "swiss"]
[EventRounds "6"]
[EventCountry "CAN"]

1. d4 Nf6 2. Bf4 e6 3. e3 c5 4. c3 Nc6 5. Nd2 d5 6. Bd3 Bd6 7. Bxd6 Qxd6 8.
dxc5 Qxc5 9. Ngf3 O-O 10. O-O e5 11. e4 Be6 12. Re1 Rad8 13. exd5 Rxd5 14. Qc2
h6 15. Ne4 Qe7 16. Nxf6+ Qxf6 17. Be4 Rc5 18. Qe2 Ne7 19. Bc2 Nc6 20. Qe4 Rd8
21. Rad1 Rcd5 22. Rxd5 Bxd5 23. Qh7+ Kf8 24. Be4 Bxe4 25. Qxe4 g6 26. g3 Re8
27. Qe3 Kg7 28. Nd2 Qe6 29. Nb3 b6 30. Rd1 1/2-1/2

[Event "Ontario op"]
[Site "Oakville CAN"]
[Date "2019.05.18"]
[Round "2.5"]
[White "Preotu, Razvan"]
[Black "Atanasov, Anthony"]
[Result "1-0"]
[WhiteElo "2637"]
[BlackElo "2129"]
[PlyCount "67"]
[EventDate "2019.05.18"]
[EventType "swiss"]
[EventRounds "6"]
[EventCountry "CAN"]

1. e4 c5 2. Nf3 d6 3. d4 cxd4 4. Nxd4 Nf6 5. Nc3 a6 6. Be3 e6 7. f3 b5 8. Qd2
Nbd7 9. g4 h6 10. O-O-O Bb7 11. h4 b4 12. Na4 Qa5 13. b3 Nc5 14. a3 Nxa4 15.
axb4 Qc7 16. bxa4 d5 17. e5 Nd7 18. f4 Nb6 19. Rh3 Nxa4 20. Bf2 Rc8 21. Be1 Be7
22. Ra3 Nb6 23. f5 exf5 24. gxf5 Qxe5 25. Bg3 Qf6 26. Re1 O-O 27. Be5 Qxh4 28.
f6 Bxf6 29. Nf3 Nc4 30. Bxc4 Qxc4 31. Bxf6 gxf6 32. Nd4 h5 33. Rg1+ Kh7 34. Rh3
1-0

[Event "Ontario op"]
[Site "Oakville CAN"]
[Date "2019.05.19"]
[Round "3.10"]
[White "Atanasov, Anthony"]
[Black "Ademi, Sami"]
[Result "1-0"]
[WhiteElo "2129"]
[BlackElo "2182"]
[PlyCount "93"]
[EventDate "2019.05.18"]
[EventType "swiss"]
[EventRounds "6"]
[EventCountry "CAN"]

1. d4 Nf6 2. Bf4 d5 3. e3 g6 4. Be2 Bg7 5. Nf3 O-O 6. O-O c5 7. c3 cxd4 8. cxd4
Nc6 9. h3 Ne4 10. Nc3 Nxc3 11. bxc3 Na5 12. Nd2 a6 13. a4 Be6 14. Nb3 Nc4 15.
Nc5 Bc8 16. Bxc4 dxc4 17. Qf3 e5 18. Bxe5 Bxe5 19. dxe5 Qc7 20. Ne4 Qxe5 21.
Rfd1 Bf5 22. Nd6 Bd3 23. Qf4 Qxf4 24. exf4 Rab8 25. Re1 b6 26. Ne4 Kg7 27. a5
Rfe8 28. Ng5 Rxe1+ 29. Rxe1 h6 30. Nf3 bxa5 31. Re7 a4 32. Ra7 Rb6 33. Ne5 a3
34. Nxf7 a2 35. Ne5+ Kf6 36. Nd7+ Ke6 37. Nxb6 a1=Q+ 38. Kh2 a5 39. Ra6 Kf5 40.
Nd5 Ke4 41. Rd6 Bf1 42. Ne3 Kxf4 43. Rxg6 a4 44. Re6 a3 45. g3+ Kf3 46. Ng4
Qxc3 47. Kg1 1-0

[Event "Ontario op"]
[Site "Oakville CAN"]
[Date "2019.05.19"]
[Round "4.8"]
[White "Li, Eric M"]
[Black "Atanasov, Anthony"]
[Result "1-0"]
[WhiteElo "2175"]
[BlackElo "2129"]
[PlyCount "121"]
[EventDate "2019.05.18"]
[EventType "swiss"]
[EventRounds "6"]
[EventCountry "CAN"]

1. d4 Nf6 2. Bf4 g6 3. e3 Bg7 4. Nf3 O-O 5. Be2 d5 6. O-O c5 7. c3 Nc6 8. Nbd2
Qb6 9. Qb3 Bf5 10. dxc5 Qxc5 11. Qxb7 Qb6 12. Qxb6 axb6 13. Nd4 Nxd4 14. exd4
Rfc8 15. h3 Bd7 16. Bd3 Bf8 17. Rfe1 e6 18. Nf3 b5 19. a3 Be8 20. g4 Ra5 21.
Ne5 Nd7 22. Nxd7 Bxd7 23. Kg2 Be7 24. Bg3 Bf8 25. Rf1 f5 26. Be5 Kf7 27. f4 Be7
28. Rad1 Raa8 29. Rh1 h5 30. gxh5 gxh5 31. Rhg1 Rg8+ 32. Kf2 Rxg1 33. Rxg1 Rg8
34. Rxg8 Kxg8 35. Be2 h4 36. Ke3 Kf8 37. Bc7 Bc8 38. Bh5 Bb7 39. Bb6 Bd6 40.
Bd8 Be7 41. Bc7 Ba6 42. Be2 Ke8 43. a4 Kd7 44. Be5 Kc6 45. axb5+ Bxb5 46. Bxb5+
Kxb5 47. b3 Kc6 48. Bg7 Ba3 49. Kd2 Kd7 50. Bf6 Bd6 51. Ke3 Ba3 52. Bxh4 Bc1+
53. Kf3 Ke8 54. Bf2 Kf7 55. Be3 Bb2 56. Bd2 Kg6 57. Ke2 Kh5 58. Kd3 Kh4 59. Kc2
Ba3 60. b4 Kxh3 61. Kb3 1-0

[Event "Ontario op"]
[Site "Oakville CAN"]
[Date "2019.05.20"]
[Round "5.9"]
[White "Atanasov, Anthony"]
[Black "Noor Ali, Aahil"]
[Result "0-1"]
[WhiteElo "2129"]
[BlackElo "2019"]
[PlyCount "84"]
[EventDate "2019.05.18"]
[EventType "swiss"]
[EventRounds "6"]
[EventCountry "CAN"]

1. d4 Nf6 2. Bf4 e6 3. e3 b6 4. Nf3 Bb7 5. Nbd2 Be7 6. c3 d6 7. Bd3 Nbd7 8. O-O
O-O 9. Qe2 c5 10. a4 a6 11. h3 Rc8 12. Bh2 h6 13. Qd1 cxd4 14. exd4 Re8 15. Qe2
a5 16. Nc4 Qc7 17. Na3 Bf8 18. Nb5 Qb8 19. Nd2 e5 20. dxe5 Nxe5 21. Bxe5 dxe5
22. Bf5 Rcd8 23. Bc2 Nd5 24. g3 Qc8 25. Kh2 Qd7 26. Rfd1 Bc8 27. Qf1 Qb7 28.
Be4 f5 29. Bg2 e4 30. Qe2 Qf7 31. f3 exf3 32. Qxf3 Ne3 33. Re1 Rxd2 34. Rxe3
Rxg2+ 35. Qxg2 Rxe3 36. Rd1 Bb7 37. Qf2 Qe8 38. Kg1 Bc5 39. Nd4 Bxd4 40. cxd4
Qe4 41. Kf1 Qh1+ 42. Qg1 Ba6+ 0-1

[Event "Ontario op"]
[Site "Oakville CAN"]
[Date "2019.05.20"]
[Round "6.11"]
[White "Hay, Jonathan"]
[Black "Atanasov, Anthony"]
[Result "1-0"]
[WhiteElo "2051"]
[BlackElo "2129"]
[PlyCount "59"]
[EventDate "2019.05.18"]
[EventType "swiss"]
[EventRounds "6"]
[EventCountry "CAN"]

1. d4 Nf6 2. Bf4 g6 3. Nc3 d5 4. e3 Bg7 5. h4 h5 6. Nf3 Bg4 7. Be2 Bxf3 8. Bxf3
c6 9. Qe2 O-O 10. O-O-O Nbd7 11. g4 Nxg4 12. Bxg4 hxg4 13. h5 gxh5 14. Rxh5 Nf6
15. Rh4 Qd7 16. Rg1 Rfe8 17. e4 e5 18. dxe5 Nxe4 19. Nxe4 dxe4 20. Rhxg4 Kf8
21. Rxg7 Qf5 22. Qe3 b6 23. R1g5 Qd7 24. Qxe4 Rad8 25. Rg1 Rxe5 26. Rg8+ Ke7
27. Qxe5+ Qe6 28. Bg5+ f6 29. Bxf6+ Kd7 30. Rxd8# 1-0

[Event "Mississauga Spring op"]
[Site "Mississauga CAN"]
[Date "2019.03.23"]
[Round "1.8"]
[White "Liu, Henry"]
[Black "Atanasov, Anthony"]
[Result "0-1"]
[WhiteElo "2083"]
[BlackElo "2133"]
[PlyCount "48"]
[EventDate "2019.03.22"]
[EventType "swiss"]
[EventRounds "5"]
[EventCountry "CAN"]

1. d4 Nf6 2. c4 g6 3. Nc3 d5 4. Nf3 Bg7 5. Bf4 O-O 6. Qd2 Ne4 7. Qe3 Nxc3 8.
Qxc3 c5 9. e3 cxd4 10. exd4 Nc6 11. Rd1 Bg4 12. Be2 dxc4 13. Qxc4 Rc8 14. Qb5
Bxf3 15. Bxf3 Nxd4 16. Qxb7 Qa5+ 17. Bd2 Nc2+ 18. Kf1 Qxa2 19. g3 Qxb2 20. Qxa7
Nd4 21. Kg2 Nxf3 22. Kxf3 Bd4 23. Qxe7 Rfe8 24. Qb4 Rc3+ 0-1

[Event "Mississauga Spring op"]
[Site "Mississauga CAN"]
[Date "2019.03.23"]
[Round "2.3"]
[White "Atanasov, Anthony"]
[Black "Li, William"]
[Result "1/2-1/2"]
[WhiteElo "2133"]
[BlackElo "2274"]
[PlyCount "89"]
[EventDate "2019.03.22"]
[EventType "swiss"]
[EventRounds "5"]
[EventCountry "CAN"]

1. d4 Nf6 2. Bf4 b6 3. e3 Bb7 4. Nf3 g6 5. Be2 Bg7 6. O-O O-O 7. c4 d6 8. Nc3
Nbd7 9. Qc2 Nh5 10. Bg5 h6 11. Bh4 f5 12. d5 g5 13. Bxg5 hxg5 14. Nxg5 e5 15.
Ne6 Qh4 16. g3 Nxg3 17. fxg3 Qh3 18. Nxf8 Rxf8 19. Rf2 Bh6 20. Bf1 Qg4 21. Qe2
Qg5 22. Re1 e4 23. Nb5 Ne5 24. Nd4 Bc8 25. Qd1 Ng4 26. Rfe2 Ne5 27. Bg2 Qh5 28.
Qc2 Bg7 29. h3 Nd3 30. Rf1 Be5 31. Nc6 Bxg3 32. Ne7+ Kg7 33. Rd2 Qg5 34. Nxc8
Rxc8 35. Rxd3 exd3 36. Qxd3 Rf8 37. b4 Be5 38. Rf3 Rf6 39. Qf1 Kf7 40. a4 Kg6
41. Qf2 Kg7 42. Kh1 Kf7 43. a5 Ke7 44. axb6 axb6 45. Qa2 1/2-1/2

[Event "Mississauga Spring op"]
[Site "Mississauga CAN"]
[Date "2019.03.23"]
[Round "3.5"]
[White "Aniunoh, Chike"]
[Black "Atanasov, Anthony"]
[Result "1/2-1/2"]
[WhiteElo "2133"]
[BlackElo "2133"]
[PlyCount "100"]
[EventDate "2019.03.22"]
[EventType "swiss"]
[EventRounds "5"]
[EventCountry "CAN"]

1. e4 c5 2. Nc3 d6 3. g3 Nc6 4. Bg2 g6 5. d3 Nf6 6. h3 Bg7 7. Be3 O-O 8. Nge2
Ne8 9. d4 cxd4 10. Nxd4 Nc7 11. O-O Bd7 12. Re1 Ne6 13. Nde2 Rb8 14. Rb1 b5 15.
Nd5 Nc7 16. c3 Kh8 17. Nd4 Nxd5 18. exd5 Nxd4 19. Bxd4 a6 20. h4 Rb7 21. h5 Bf6
22. Bxf6+ exf6 23. Qd4 Kg7 24. Bf3 h6 25. Re3 Re8 26. Rbe1 Re5 27. hxg6 fxg6
28. Be4 Bc8 29. f4 Re8 30. Bd3 Rbe7 31. Kf2 Qd7 32. Bf1 Rxe3 33. Rxe3 Rxe3 34.
Qxe3 Kf7 35. Qb6 Qe7 36. Bd3 Qd7 37. Bf1 h5 38. a4 h4 39. gxh4 Qg4 40. Qc7+ Kg8
41. Qd8+ Kg7 42. Qc7+ Kg8 43. Qxd6 Qxh4+ 44. Ke3 Qg3+ 45. Kd2 Qf2+ 46. Be2 Bg4
47. Qd8+ Kg7 48. Qc7+ Kg8 49. Qd8+ Kf7 50. Qc7+ Kg8 1/2-1/2

[Event "Mississauga Spring op"]
[Site "Mississauga CAN"]
[Date "2019.03.24"]
[Round "4.3"]
[White "Talukdar, Rohan"]
[Black "Atanasov, Anthony"]
[Result "1-0"]
[WhiteElo "2461"]
[BlackElo "2133"]
[PlyCount "45"]
[EventDate "2019.03.22"]
[EventType "swiss"]
[EventRounds "5"]
[EventCountry "CAN"]

1. e4 c5 2. Nf3 d6 3. d4 cxd4 4. Nxd4 Nf6 5. Nc3 a6 6. Be3 e6 7. f3 b5 8. Qd2
Nbd7 9. g4 h6 10. O-O-O Bb7 11. h4 b4 12. Na4 Qa5 13. b3 Nc5 14. Bh3 Nxa4 15.
bxa4 Nd7 16. g5 Ne5 17. f4 Nc4 18. Qd3 d5 19. g6 fxg6 20. exd5 Bxd5 21. Qxg6+
Kd7 22. Bxe6+ Ke7 23. Qf7+ 1-0

[Event "Mississauga Spring op"]
[Site "Mississauga CAN"]
[Date "2019.03.24"]
[Round "5.6"]
[White "Atanasov, Anthony"]
[Black "Ahmed, Syed Ibrahim"]
[Result "0-1"]
[WhiteElo "2133"]
[BlackElo "2037"]
[PlyCount "88"]
[EventDate "2019.03.22"]
[EventType "swiss"]
[EventRounds "5"]
[EventCountry "CAN"]

1. d4 d5 2. Bf4 Nf6 3. e3 Bf5 4. c4 c6 5. Nc3 e6 6. Qb3 Qc8 7. Nf3 Nbd7 8. Nh4
Be4 9. f3 Bg6 10. Nxg6 hxg6 11. Kf2 Nh5 12. c5 Nxf4 13. exf4 Qc7 14. g3 Be7 15.
Qd1 Bf6 16. b4 a5 17. Ne2 axb4 18. Bg2 b6 19. cxb6 Qxb6 20. Qd2 c5 21. Rab1 Be7
22. dxc5 Qxc5+ 23. Kf1 Nb6 24. Qb2 Nc4 25. Qxg7 Ne3+ 26. Ke1 Nxg2+ 27. Kf1 Ne3+
28. Ke1 Rf8 29. Rc1 Nc4 30. Rc2 b3 31. axb3 Qb4+ 32. Qc3 Ra1+ 33. Kf2 Qxc3 34.
Rxc3 Rxh1 35. bxc4 Rxh2+ 36. Kf1 dxc4 37. Rxc4 f5 38. Nd4 Kf7 39. Kg1 Rb2 40.
Ne2 Rd8 41. Kf1 Rd1+ 42. Kf2 Rd5 43. Ke3 Rc5 44. Kd4 Rxc4+ 0-1

[Event "Guelph Winter Pro-Am"]
[Site "Guelph CAN"]
[Date "2019.02.02"]
[Round "1.2"]
[White "Migot, Tangi"]
[Black "Atanasov, Anthony"]
[Result "1-0"]
[WhiteElo "2419"]
[BlackElo "2164"]
[PlyCount "113"]
[EventDate "2019.02.02"]
[EventType "swiss"]
[EventRounds "5"]
[EventCountry "CAN"]

1. Nf3 Nf6 2. g3 g6 3. Bg2 Bg7 4. O-O O-O 5. d4 d5 6. a4 c5 7. dxc5 Na6 8. c3
Nxc5 9. Be3 Nfe4 10. b4 Ne6 11. Qb3 b6 12. a5 b5 13. Rd1 Bb7 14. Nd4 Nxd4 15.
Bxd4 Bxd4 16. cxd4 Rc8 17. a6 Ba8 18. Ra5 Qd7 19. e3 Rc7 20. Qd3 Nd6 21. Ra2
Rfc8 22. Nd2 Rc3 23. Qb1 Qf5 24. Nb3 Rc2 25. Rf1 Rxa2 26. Qxa2 Qc2 27. Qb1 Rc3
28. Na5 e6 29. Qxc2 Rxc2 30. Rb1 Kf8 31. Bf1 Ne4 32. Bd3 Rc7 33. Rb2 Nd6 34.
Kf1 Ke7 35. Ke2 Kd8 36. Rb1 Nc4 37. Nb3 Rc6 38. Nc5 Rd6 39. h4 h6 40. Ra1 Kc7
41. h5 g5 42. f4 Rd8 43. fxg5 hxg5 44. Bxc4 bxc4 45. Rf1 Kb6 46. Rxf7 g4 47. h6
Kb5 48. h7 Kxb4 49. Nxe6 Rb8 50. Rf8 Rb6 51. h8=Q Kc3 52. Rb8 Rxa6 53. e4 Rxe6
54. Rxa8 Rxe4+ 55. Kd1 Kd3 56. Rxa7 c3 57. Ra3 1-0

[Event "Guelph Winter Pro-Am"]
[Site "Guelph CAN"]
[Date "2019.02.02"]
[Round "2.8"]
[White "Atanasov, Anthony"]
[Black "Ning, Eric"]
[Result "1/2-1/2"]
[WhiteElo "2164"]
[BlackElo "2067"]
[PlyCount "87"]
[EventDate "2019.02.02"]
[EventType "swiss"]
[EventRounds "5"]
[EventCountry "CAN"]

1. d4 Nf6 2. Bf4 g6 3. e3 Bg7 4. Be2 O-O 5. Nf3 d6 6. h3 Nbd7 7. c4 b6 8. Nc3
Bb7 9. Qc2 Re8 10. Rd1 e6 11. O-O a6 12. Rd2 Qe7 13. Rfd1 h6 14. e4 e5 15. dxe5
Nxe5 16. Nxe5 dxe5 17. Be3 Rad8 18. Rxd8 Rxd8 19. Nd5 Nxd5 20. cxd5 Qd6 21. Rc1
Rd7 22. Qd2 c6 23. Bg4 f5 24. exf5 h5 25. dxc6 Qxd2 26. Bxd2 Bxc6 27. Rxc6 Rxd2
28. Bf3 gxf5 29. Rxb6 e4 30. Bxh5 Bd4 31. Rxa6 Rxf2 32. Ra5 Rxb2+ 33. Kh2 e3
34. Rxf5 e2 35. Bxe2 Rxe2 36. h4 Rxa2 37. Rf3 Be5+ 38. Kh3 Kg7 39. Rf5 Bf6 40.
Rf4 Kg6 41. Rf3 Ra1 42. Kg4 Ra4+ 43. Rf4 Rxf4+ 44. Kxf4 1/2-1/2

[Event "Guelph Winter Pro-Am"]
[Site "Guelph CAN"]
[Date "2019.02.02"]
[Round "3.5"]
[White "Kang, Dorian"]
[Black "Atanasov, Anthony"]
[Result "1-0"]
[WhiteElo "2200"]
[BlackElo "2164"]
[PlyCount "53"]
[EventDate "2019.02.02"]
[EventType "swiss"]
[EventRounds "5"]
[EventCountry "CAN"]

1. e4 c5 2. Nf3 d6 3. d4 Nf6 4. Nc3 cxd4 5. Nxd4 a6 6. Bc4 e6 7. Bb3 Nc6 8. Bg5
Be7 9. Qd2 h6 10. Bh4 Qc7 11. O-O-O Na5 12. f4 b5 13. Rhe1 Nxb3+ 14. axb3 b4
15. Na4 Nxe4 16. Rxe4 Bxh4 17. Nf5 d5 18. Qxd5 O-O 19. Qxa8 Bb7 20. Rc4 Bxa8
21. Nxh6+ gxh6 22. Rxc7 Bd5 23. g3 Bf6 24. Nb6 Bf3 25. Nd7 Bd8 26. Rc8 Bxd1 27.
Nxf8 1-0

[Event "Guelph Winter Pro-Am"]
[Site "Guelph CAN"]
[Date "2019.02.03"]
[Round "5.8"]
[White "Atanasov, Anthony"]
[Black "Ferreira, Alex"]
[Result "1/2-1/2"]
[WhiteElo "2164"]
[BlackElo "2080"]
[PlyCount "206"]
[EventDate "2019.02.02"]
[EventType "swiss"]
[EventRounds "5"]
[EventCountry "CAN"]

1. d4 d5 2. Bf4 Nf6 3. e3 Bf5 4. c4 c6 5. Qb3 Qb6 6. c5 Qxb3 7. axb3 Nbd7 8.
Nd2 Nh5 9. Bc7 e5 10. Ngf3 exd4 11. Nxd4 Be6 12. Be2 g6 13. b4 Ng7 14. N2b3 Nf5
15. g4 Nxd4 16. Nxd4 Rc8 17. Bg3 a6 18. h4 Bg7 19. h5 g5 20. Kd2 h6 21. f3 O-O
22. Bd3 Ra8 23. f4 Bxg4 24. fxg5 hxg5 25. Bd6 Rfe8 26. Rag1 Bxd4 27. exd4 Be6
28. Rxg5+ Kh8 29. Rhg1 Rg8 30. h6 Rxg5 31. Rxg5 Rg8 32. Bf4 Rxg5 33. Bxg5 f6
34. Bf4 f5 35. Ke3 Kh7 36. Bg5 Nf8 37. Kf4 Ng6+ 38. Kg3 Bd7 39. Be3 Be6 40. Bc2
Kg8 41. Bd1 Kh7 42. Bd2 Bd7 43. Bc2 Nf8 44. Bd3 Kg6 45. Bf4 Nh7 46. Be2 Nf6 47.
Bf3 Be6 48. Kh4 Bg8 49. Kg3 Be6 50. Bc1 Bd7 51. Bd2 Ne4+ 52. Bxe4 fxe4 53. Be3
Bf5 54. Kf4 Kf6 55. Bf2 Bh7 56. Be3 Bg8 57. Bd2 Bf7 58. Kg4 Kg6 59. Bg5 Be6+
60. Kf4 Bg8 61. Kg4 Bh7 62. Be3 Kf6 63. Kf4 Bg8 64. Kg3 Kf5 65. b3 Bh7 66. Kh4
Bg6 67. Kg3 Kf6 68. Kg4 Bf7 69. Bf4 Be6+ 70. Kh5 Bf7+ 71. Kh4 Kg6 72. Bc1 Be6
73. Bd2 Bf5 74. h7 Kxh7 75. Kg5 Bh3 76. Kf6 Bf1 77. Be3 Bd3 78. Kf7 Bc2 79. Kf6
Kg8 80. Bh6 Bxb3 81. Kg6 Bc2 82. Kf6 Bd3 83. Be3 Kf8 84. Bg5 Ke8 85. Ke6 Bf1
86. Kd6 Kf7 87. Ke5 Kg6 88. Bd2 Kh5 89. Kf4 Bc4 90. Be3 Kh4 91. Bd2 Kh3 92. Be1
Kg2 93. Ke3 Kf1 94. Bh4 Kg2 95. Kf4 Kh3 96. Bd8 Bd3 97. Bg5 Bb1 98. Bd8 Kg2 99.
Bh4 Bc2 100. Ke3 Kh3 101. Bd8 Kg4 102. Bc7 Bb3 103. Bd8 Kg3 1/2-1/2

[Event "Oakville Winter op"]
[Site "Oakville CAN"]
[Date "2019.01.25"]
[Round "1.4"]
[White "Sapozhnikov, Roman"]
[Black "Atanasov, Anthony"]
[Result "1/2-1/2"]
[WhiteElo "2366"]
[BlackElo "2116"]
[PlyCount "138"]
[EventDate "2019.01.25"]
[EventType "swiss"]
[EventRounds "5"]
[EventCountry "CAN"]

1. e4 c5 2. Nf3 d6 3. d4 cxd4 4. Nxd4 Nf6 5. Nc3 a6 6. h3 e6 7. g4 b5 8. Bg2
Bb7 9. g5 Nfd7 10. O-O g6 11. f4 Nc6 12. Kh1 Bg7 13. Nxc6 Bxc6 14. Qxd6 Qb6 15.
Be3 Qb7 16. Nd5 Bf8 17. Nc7+ Kd8 18. Nxe6+ fxe6 19. Qxe6 Bg7 20. Qf7 Bxe4 21.
Qxg7 Bxg2+ 22. Kh2 Re8 23. Rfe1 Bh1 24. Bb6+ Nxb6 25. Rxe8+ Kxe8 26. Qh8+ Kd7
27. Qxh7+ Kc8 28. Qh8+ Kd7 29. Qg7+ Kc8 30. Qf8+ Kc7 31. Qg7+ Kb8 32. Qe5+ Ka7
33. Rxh1 Rc8 34. c3 Rd8 35. Re1 Nc8 36. Qc5+ Nb6 37. Re2 Rd3 38. h4 Rh3+ 39.
Kxh3 Qf3+ 40. Kh2 Qxe2+ 41. Kg3 Kb7 42. b3 Qd3+ 43. Kf2 Qd2+ 44. Kf3 Qd1+ 45.
Ke4 Qh1+ 46. Kd3 Qf1+ 47. Ke4 Qg2+ 48. Kd3 Qf3+ 49. Qe3 Qd1+ 50. Qd2 Qb1+ 51.
Ke2 Qh1 52. Qd4 Qg2+ 53. Kd3 Qf1+ 54. Ke4 Qe2+ 55. Qe3 Qxa2 56. Ke5 Qxb3 57.
Qe4+ Kc7 58. Kf6 Nd7+ 59. Kxg6 Qxc3 60. f5 Qc5 61. f6 Qd6 62. h5 Qf8 63. Qe7
Qg8+ 64. Qg7 Qe6 65. Qe7 Qg8+ 66. Kf5 Qd5+ 67. Kf4 Qd2+ 68. Kf5 Qd5+ 69. Kg6
Qg8+ 1/2-1/2

[Event "Oakville Winter op"]
[Site "Oakville CAN"]
[Date "2019.01.26"]
[Round "2.4"]
[White "Atanasov, Anthony"]
[Black "Qiao, Cindy"]
[Result "1-0"]
[WhiteElo "2116"]
[BlackElo "1999"]
[PlyCount "79"]
[EventDate "2019.01.25"]
[EventType "swiss"]
[EventRounds "5"]
[EventCountry "CAN"]

1. d4 d5 2. Bf4 Nf6 3. e3 e6 4. Nd2 c5 5. c3 Nc6 6. Bd3 Bd6 7. Bg3 b6 8. Ngf3
O-O 9. Qe2 c4 10. Bc2 h6 11. e4 Bxg3 12. hxg3 Ng4 13. e5 f6 14. Rh4 g5 15. Nxg5
hxg5 16. Rh1 f5 17. f3 Nf6 18. exf6 Qxf6 19. f4 g4 20. Ba4 b5 21. Bxb5 Nxd4 22.
cxd4 Rb8 23. Ba4 Qxd4 24. Qe5 Qxe5+ 25. fxe5 Rxb2 26. O-O-O Rxa2 27. Bc2 Ra3
28. Rh5 a5 29. Rdh1 Bd7 30. Rg5+ Kf7 31. Rh7+ Ke8 32. Rgg7 Bc8 33. Ra7 Kd8 34.
Nb1 Rxg3 35. Ba4 Rxg2 36. Ra8 Rg1+ 37. Kd2 Rg2+ 38. Kc3 Rg3+ 39. Kd4 Rh3 40.
Rd7+ 1-0

[Event "Oakville Winter op"]
[Site "Oakville CAN"]
[Date "2019.01.26"]
[Round "3.3"]
[White "Kang, Dorian"]
[Black "Atanasov, Anthony"]
[Result "0-1"]
[WhiteElo "2202"]
[BlackElo "2116"]
[PlyCount "80"]
[EventDate "2019.01.25"]
[EventType "swiss"]
[EventRounds "5"]
[EventCountry "CAN"]

1. e4 c5 2. Nf3 d6 3. d4 Nf6 4. Nc3 cxd4 5. Nxd4 a6 6. Be3 e6 7. f3 b5 8. Qd2
Nbd7 9. g4 h6 10. O-O-O Bb7 11. h4 b4 12. Nce2 d5 13. exd5 Nxd5 14. Bf2 Bd6 15.
Kb1 Qc7 16. Bg2 N7b6 17. g5 Nc4 18. Qc1 Nf4 19. Bg3 Nxg2 20. Bxd6 Qxd6 21. Rhg1
Nxh4 22. Nf5 Nxf5 23. Rxd6 Ncxd6 24. gxh6 Rxh6 25. Rxg7 Nxg7 26. Qxh6 Ngf5 27.
Qf4 a5 28. c4 Rc8 29. b3 Kd7 30. Kc2 Rg8 31. Kd3 Rg2 32. c5 Ba6+ 33. Kd2 Rxe2+
34. Kd1 e5 35. Qg5 Ne3+ 36. Kc1 Rc2+ 37. Kb1 Rc3 38. cxd6 Bd3+ 39. Kb2 Rc2+ 40.
Ka1 Rc1+ 0-1

[Event "Oakville Winter op"]
[Site "Oakville CAN"]
[Date "2019.01.27"]
[Round "4.1"]
[White "Atanasov, Anthony"]
[Black "Sambuev, Bator"]
[Result "0-1"]
[WhiteElo "2116"]
[BlackElo "2539"]
[PlyCount "94"]
[EventDate "2019.01.25"]
[EventType "swiss"]
[EventRounds "5"]
[EventCountry "CAN"]

1. d4 Nf6 2. Bf4 b6 3. e3 Bb7 4. Nf3 d6 5. Be2 Nbd7 6. h3 e6 7. O-O h6 8. Bh2
g5 9. Nfd2 h5 10. Nc3 g4 11. e4 gxh3 12. gxh3 Bh6 13. Bf3 e5 14. Nc4 Qe7 15. d5
O-O-O 16. a4 a6 17. Qe2 Rdg8+ 18. Kh1 Nb8 19. Rg1 Qd7 20. Rxg8+ Rxg8 21. Bg2
Qe8 22. Qf3 Nbd7 23. Nd1 Rg6 24. b4 Ng8 25. Nde3 Ne7 26. Ra3 h4 27. a5 b5 28.
Nd2 Qg8 29. c4 Bxe3 30. fxe3 bxc4 31. Qe2 f5 32. exf5 Nxf5 33. Rc3 Nf6 34. e4
Nd4 35. Qf2 Kb8 36. Bg1 Nxd5 37. exd5 Bxd5 38. Bxd5 Qxd5+ 39. Kh2 Qg8 40. Rxc4
Rg3 41. Rxd4 exd4 42. Nf3 Qe6 43. Ng5 Rxg5 44. Qf8+ Kb7 45. Qf3+ Qd5 46. Qf2
Qe5+ 47. Kh1 Qg3 0-1

[Event "Oakville Winter op"]
[Site "Oakville CAN"]
[Date "2019.01.27"]
[Round "5.2"]
[White "Krnan, Tomas"]
[Black "Atanasov, Anthony"]
[Result "1-0"]
[WhiteElo "2507"]
[BlackElo "2116"]
[PlyCount "65"]
[EventDate "2019.01.25"]
[EventType "swiss"]
[EventRounds "5"]
[EventCountry "CAN"]

1. e4 c5 2. Nf3 d6 3. Bb5+ Nd7 4. O-O a6 5. Bd3 Ngf6 6. Re1 e6 7. c3 b5 8. Bc2
c4 9. a4 Bb7 10. d4 cxd3 11. Qxd3 Nc5 12. Qe2 bxa4 13. e5 dxe5 14. Nxe5 Bd6 15.
Nd2 O-O 16. Ndc4 Bxe5 17. Nxe5 Qd5 18. f3 Nfd7 19. Ng4 a5 20. Rd1 Ba6 21. Qe1
Qc6 22. Bf4 Rfd8 23. Rd6 Qb7 24. Qd2 f5 25. Ne5 Rac8 26. Bxa4 Nxa4 27. Rxa4 Qb5
28. Ra1 Rc7 29. c4 Qc5+ 30. Kh1 a4 31. Nxd7 Qxc4 32. Nf6+ gxf6 33. Rxd8+ 1-0

[Event "London Classic op"]
[Site "London ENG"]
[Date "2018.12.11"]
[Round "3.56"]
[White "Martinez, Ayelen"]
[Black "Atanasov, Anthony"]
[Result "1-0"]
[WhiteElo "2185"]
[BlackElo "1928"]
[PlyCount "83"]
[EventDate "2018.12.09"]
[EventType "swiss"]
[EventRounds "9"]
[EventCountry "ENG"]
[Source "ChessMix"]
[SourceDate "2018.12.20"]

1. e4 c5 2. Nf3 d6 3. Bb5+ Nd7 4. O-O a6 5. Bd3 Ngf6 6. c3 e6 7. Bc2 c4 8. b3
b5 9. bxc4 bxc4 10. Qe2 Qc7 11. a4 Bb7 12. Na3 Rc8 13. Rb1 d5 14. exd5 Bxd5 15.
d4 Bd6 16. Re1 Qa5 17. Bb2 Nh5 18. Be4 Nf4 19. Qd2 Bxe4 20. Rxe4 Qf5 21. Qc2
Nf6 22. Re3 Qd5 23. h3 h5 24. Rbe1 Rh6 25. Re5 Bxe5 26. Rxe5 Qb7 27. Bc1 N6d5
28. Qe4 Qb3 29. Bxf4 Nxf4 30. Qxf4 Qxa3 31. Ng5 Rf6 32. Qe3 Ke7 33. Ne4 Rf5 34.
Rxf5 exf5 35. Qg5+ Ke6 36. d5+ Ke5 37. Qxg7+ Kxd5 38. Qd4+ Kc6 39. Qxc4+ Kb7
40. Qxf7+ Rc7 41. Qxf5 Qxc3 42. Nxc3 1-0

[Event "London Classic op"]
[Site "London ENG"]
[Date "2018.12.12"]
[Round "4.82"]
[White "Atanasov, Anthony"]
[Black "Ozturan, Cem"]
[Result "0-1"]
[WhiteElo "1928"]
[BlackElo "1707"]
[PlyCount "146"]
[EventDate "2018.12.09"]
[EventType "swiss"]
[EventRounds "9"]
[EventCountry "ENG"]
[Source "ChessMix"]
[SourceDate "2018.12.20"]

1. d4 Nf6 2. Bf4 g6 3. e3 Bg7 4. Be2 O-O 5. Nf3 d5 6. O-O c5 7. c3 b6 8. Nbd2
Nc6 9. h3 Bb7 10. Nb3 Nd7 11. a4 e5 12. dxe5 Ncxe5 13. a5 Qe7 14. Nbd2 Rfd8 15.
Qb3 c4 16. Qc2 Nxf3+ 17. Bxf3 Nc5 18. Rfd1 Nd3 19. Bg3 b5 20. a6 Bc8 21. Nb3
Bf5 22. Na5 Rac8 23. Qe2 Be4 24. Nb7 Rd7 25. Qd2 Be5 26. Bxe4 dxe4 27. Bxe5
Qxe5 28. Qe2 Rc6 29. Qg4 f5 30. Qh4 Qc7 31. Rd2 Kg7 32. Kh1 Qe5 33. Ra5 h6 34.
Kg1 g5 35. Qh5 Rd5 36. Ra1 Qe6 37. Ra5 Rxa6 38. h4 g4 39. g3 Rxa5 40. Nxa5 Nf4
41. Rxd5 Nxh5 42. Rxb5 Nf6 43. Rb4 Nd5 44. Rb7+ Ne7 45. Rxa7 Kf8 46. Ra8+ Kf7
47. Kg2 Qd5 48. Ra6 Ng6 49. Nc6 Ne5 50. Ra7+ Kf6 51. Nxe5 Kxe5 52. Ra4 Qc5 53.
Rb4 Kd5 54. Rb8 Qc6 55. Kf1 Kc5 56. Ke1 Qd7 57. Ke2 Qd3+ 58. Ke1 f4 59. gxf4 g3
60. Rc8+ Kb6 61. fxg3 Qxe3+ 62. Kd1 Qd3+ 63. Kc1 e3 64. Rb8+ Kc7 65. Rb4 e2 66.
Rxc4+ Qxc4 67. Kd2 Qe4 68. Ke1 h5 69. b4 Qd3 70. b5 Qd1+ 71. Kf2 e1=Q+ 72. Kg2
Qee2+ 73. Kh3 Qh1# 0-1

[Event "London Classic op"]
[Site "London ENG"]
[Date "2018.12.13"]
[Round "5.89"]
[White "Tomy, Jeff"]
[Black "Atanasov, Anthony"]
[Result "0-1"]
[WhiteElo "1578"]
[BlackElo "1928"]
[PlyCount "94"]
[EventDate "2018.12.09"]
[EventType "swiss"]
[EventRounds "9"]
[EventCountry "ENG"]
[Source "ChessMix"]
[SourceDate "2018.12.20"]

1. Nf3 Nf6 2. g3 g6 3. Bg2 Bg7 4. O-O O-O 5. d3 d5 6. c4 Nc6 7. Nc3 d4 8. Nb1
e5 9. Nbd2 Nd7 10. Rb1 a5 11. b3 Qe7 12. Bb2 a4 13. a3 axb3 14. Nxb3 Nb6 15.
Qc2 Na4 16. Bc1 Nc3 17. Ra1 Bf5 18. Bb2 Na4 19. Bc1 Bf6 20. h4 e4 21. Ng5 exd3
22. exd3 Nc3 23. Kh2 Ne5 24. Ne4 Bxe4 25. Bxe4 Nxe4 26. dxe4 d3 27. Qd1 Nxc4
28. Rb1 Rfd8 29. Nd2 Nxd2 30. Qxd2 Qxe4 31. Re1 Qc6 32. Bb2 Bxb2 33. Qxb2 b6
34. Re7 Qd6 35. Re3 Ra4 36. Rbe1 Rd4 37. Re8+ Rxe8 38. Rxe8+ Kg7 39. Re3 Qf6
40. Qd2 c5 41. Rxd3 Rxd3 42. Qxd3 Qxf2+ 43. Kh3 Qf5+ 44. Qxf5 gxf5 45. Kg2 Kg6
46. Kf3 b5 47. Ke3 Kh5 0-1